000 01330nam a2200349 i 4500
001 196404
003 ES-MaACL
005 20250804062712.0
008 240926s2023 sp | |||| 000 f spa
015 _aMON23
017 _aSE 615-2023
_bOficina Depósito Legal Sevilla
020 _a9788419723642
035 _a(SpMaBN)a7315197
040 _aSpMaBN
_bspa
_cSpMaBN
_erda
080 _a821.134.2-31"19"
100 1 _aMira Candel, Manuel,
_d1945-
_9238899
_eaut
245 1 0 _aGiordano y la reina /
_cManuel Mira Candel
250 _aPrimera edición: mayo, 2023
264 1 _aSevilla :
_bMirahadas,
_c[2023]
264 4 _c©2023
300 _a286 páginas ;
_c20 cm
336 _aTexto
_2rdacontent
337 _asin mediación
_2rdamedia
338 _avolumen
_2rdacarrier
655 0 _aNovelas
_9234319
852 _aES-MaACL
_cDEPOJ
_jN-10193
_gDedicatoria autógrafa del autor
_hDonación: Manuel Mira Candel
_xEncuadernación rústica con solapas
_9206320
903 _9238899
_aMira Candel, Manuel,
_d1945-
_ednr
942 _cMONOGRAFIA
_n0
999 _c196404
_d196404